Le caïd : (Record no. 170166)

MARC details
000 -LEADER
campo de control de longitud fija 00667nam a22001935i 4500
001 - NÚMERO DE CONTROL
campo de control 170166
003 - IDENTIFICADOR DE NÚMERO DE CONTROL
campo de control ES-MaACL
005 - FECHA Y HORA DE LA ÚLTIMA TRANSACCIÓN
campo de control 20230906214316.0
008 - DATOS DE LONGITUD FIJA--INFORMACIÓN GENERAL
campo de control de longitud fija 090209s1875 fr 000 d fre d
080 ## - NÚMERO DE LA CLASIFICACIÓN DECIMAL UNIVERSAL
Número de la Clasificación Decimal Universal 782.6
100 1# - ENTRADA PRINCIPAL--NOMBRE DE PERSONA
Nombre de persona Sauvage, Thomas.
9 (RLIN) 139109
245 13 - MENCIÓN DEL TÍTULO
Título Le caïd :
Resto del título opéra-bouffon en deux actes /
Mención de responsabilidad, etc. par T. Sauvage ; musique de Ambroise Thomas.
260 ## - PUBLICACIÓN, DISTRIBUCIÓN, ETC.
Lugar de publicación, distribución, etc. [S.l. :
Nombre del editor, distribuidor, etc. s.n.,
Fecha de publicación, distribución, etc. ca. 1875]
300 ## - DESCRIPCIÓN FÍSICA
Extensión 53 p. ;
Dimensiones 17 cm.
594 ## - Nota al título y mención de responsabilidad
Nota al título y mención de responsabilidad Ejemplar sin portada, datos tomados del principio del texto.
650 #4 - PUNTO DE ACCESO ADICIONAL DE MATERIA--TÉRMINO DE MATERIA
Término de materia o nombre geográfico como elemento de entrada Operetas-
Subdivisión de forma Libretos.
9 (RLIN) 139352
700 1# - ENTRADA AGREGADA--NOMBRE PERSONAL
Nombre de persona Thomas, Ambroise.
9 (RLIN) 138039
852 4# - LOCALIZACIÓN
Ubicación ES-MaACL
Número de control de estantería 2246-F-20
Nota libre - Biblioteca Jacinto Martínez Lacalle
Holdings
Estatus retirado Estado de pérdida Estado de daño No para préstamo Colección Biblioteca de origen Biblioteca actual Ubicación en estantería Fecha de adquisición Fuente de adquisición Total de préstamos Signatura topográfica completa Código de barras Visto por última vez Precio de reemplazo Tipo de ítem Koha
        Colección de folletos Biblioteca del Ateneo de Madrid Biblioteca del Ateneo de Madrid Depósito folletos 09/02/2009     2246-F-20 1178652 23/02/2023 23/02/2023 Folleto